| 000 | 00503nam a2200157Ia 4500 | ||
|---|---|---|---|
| 008 | 230907s9999||||xx |||||||||||||| ||und|| | ||
| 082 |
_a620 _bOSA |
||
| 100 |
_aOsama Bin Muzaffar (00000204892) _9116582 |
||
| 245 | 0 | _aDesign and Analysis of Synchronverter based Virtual Inertia Control for Hybrid Power Plants / | |
| 260 |
_aUSPCAS-E, NUST, _bIslamabad : _c2021 |
||
| 300 | _a51 p. | ||
| 520 | _aTH-279 | ||
| 650 |
_aMS-ESE Thesis _9116583 |
||
| 700 |
_aDr Abasin Ulasyar _9117719 |
||
| 942 |
_cTHE _2ddc |
||
| 999 |
_c601957 _d601957 |
||